FIFA World Cup 2026 - France Squad - Statistics

General Stats
  • This quiz has been taken 13 times
  • The average score is 22 of 27
Answer Stats
Team # Position Club/Country Player % Correct
France 16 GK AC Milan Mike Maignan
100%
France 8 DM Real Madrid Aurélien Tchouaméni
91%
France 12 LW Paris Saint-Germain Bradley Barcola
91%
France 4 CB Bayern Munich Dayot Upamecano
91%
France 20 RW Paris Saint-Germain Désiré Doué
91%
France Manager France Didier Deschamps
91%
France 15 CB Liverpool FC Ibrahima Konate
91%
France 5 RB FC Barcelona Jules Koundé
91%
France 10 ST Real Madrid Kylian Mbappé
91%
France 21 LB Paris Saint-Germain Lucas Hernández
91%
France 9 ST Inter Milan Marchus Thuram
91%
France 11 RW Bayern Munich Michael Olise
91%
France 13 DM Fenerbahce N'Golo Kanté
91%
France 7 ST Paris Saint-Germain Ousmane Dembélé
91%
France 19 LB Al-Hilal SFC Theo Hernández
91%
France 17 CB Arsenal FC William Saliba
91%
France 3 LB Aston Villa Lucas Digne
82%
France 2 RB Chelsea FC Malo Gusto
82%
France 18 CM Paris Saint-Germain Warren Zaïre-Emery
82%
France 14 CM AC Milan Adrien Rabiot
73%
France 22 ST Crystal Palace Jean-Philippe Mateta
73%
France 25 RW AS Monaco Maghnes Akliouche
73%
France 24 AM Manchester City Rayan Cherki
73%
France 1 GK Stade Rennais FC Brice Samba
64%
France 6 CM AS Roma Manu Koné
64%
France 26 CB Crystal Palace Maxence Lacroix
64%
France 23 GK RC Lens Robin Risser
55%
No matching quizzes found
Score Distribution
Percent of People with Each Score
Percentile by Number Answered
Your Score History
You have not taken this quiz